Missing Word: 1997 A-Z Movies Quiz Stats

 Plays Quiz Updated Dec 18, 2017

Also try: Movies of 1997
Challenge
Share
Tweet
Embed
Score 0/25 Timer 05:00
0 Plays Today
Letter Missing Word % Correct
HHunting
98.1%
IIn
96.4%
AAir
95.2%
LLiar
94.4%
OOff
94.2%
MMonty
92.6%
JJungle
91%
CConfidential
90.6%
YYou
87.3%
WWanted
83.6%
KKiss
82.9%
DDante's
80.5%
FFever
80.4%
Letter Missing Word % Correct
GGood
71.8%
NNavy
71.6%
TThousand
68.2%
RResurrection
66.1%
PPicture
62%
SStarship
57.8%
VVegas
50.5%
QQuiet
49.1%
EExcess
48.2%
BBooty
46.9%
UUlee's
42.5%
ZZeus
25.6%

Today's Daily Dose

Missing Word
'F' Pairs

Word Ladder
Mixed Synonyms

On This Day
August 15th II

You're not logged in!

Compare scores with friends on all Sporcle quizzes.
Join for Free
OR
Log In

You Might Also Like...

Show Comments

Extras

Top Quizzes Today


Score Distribution

Your Account Isn't Verified!

In order to create a playlist on Sporcle, you need to verify the email address you used during registration. Go to your Sporcle Settings to finish the process.

Report this User

Report this user for behavior that violates our Community Guidelines.

Details: